Les dirigeants de la France. - Statistiques

Statistiques générales
  • Ce quiz a été pris 932 fois
    775 depuis la dernière actualisation
  • Le résultat moyen est 13 sur 17
Statistiques - réponses
Par images Réponse % Correct
Louis XIV
97%
Napoléon Ier
97%
Philippe Pétain
96%
Charles de Gaulle
95%
Jacques Chirac
95%
Nicolas Sarkozy
95%
François Ier
89%
Charlemagne
86%
Georges Pompidou
85%
Louis XVI
83%
Napoléon III
82%
Henri IV
78%
Louis-Philippe Ier
67%
Adolphe Thiers
57%
Raymond Poincaré
39%
Patrice de Mac Mahon
37%
Jules Grevy
30%
Aucun quiz correspondant
Distribution des résultats
% des personnes avec chaque résultat
Percentile par nombre de réponses
Votre historique - résultats
Vous n’avez pas pris ce quiz depuis la dernière actualisation